حي بن يقظان / (Record no. 14587)
[ view plain ]
| 000 -الفاتح | |
|---|---|
| حقل البيانات ثابتة الطول | 00865nam a22001817a 4500 |
| 008 - عناصر البيانات ثابتة الطول - معلومات عامة | |
| حقل البيانات ثابتة الطول | 100802t xxu||||| |||| 00| 0 ara d |
| 082 ## - رقم تصنيف ديوى العشرى | |
| رقم الطبعة | 22 |
| رقم التصنيف | 181.07 |
| رقم المادة | س ي ن |
| 100 1# - المدخل الرئيسى - إسم شخصى | |
| 9 (RLIN) | 14925 |
| الإسم الشخصى | ابن سينا، الحسين بن عبد الله |
| التواريخ المصاحبة للاسم | 370-428 هـ |
| 245 ## - بيان العنوان | |
| العنوان | حي بن يقظان / |
| بيان المسئوليه,etc | لابن سينا ، وابن طفيل ، والسهروردى ؛ تحقيق وتعليق احمد أمين |
| 260 ## - PUBLICATION, DISTRIBUTION, ETC. (IMPRINT) | |
| مكان الناشر او الموزع | القاهرة : |
| اسم الناشر او الموزع | دار المعارف ، |
| تاريخ النشر أو التوزيع | [د.ت] |
| 300 ## - الوصف المادى | |
| التعداد | 138 ص ؛ |
| أبعاد الوعاء | 24 سم. |
| 504 ## - تبصرة ببليوجرافية | |
| تبصرة ببليوجرافية,الخ | يشتمل على إرجاعات ببليوجرافية |
| 541 ## - تبصرة المصدر المباشر للتزويد | |
| مصدر التزويد | ألف باء ؛ |
| طريقة التزويد | شراء ؛ |
| 700 ## - المدخل الاضافى - اسم شخصى | |
| 9 (RLIN) | 14926 |
| الإسم الشخصى | ابن طفيل ، محمد بن عبد الملك |
| التواريخ المصاحبة للاسم | 494-581هـ |
| 700 ## - المدخل الاضافى - اسم شخصى | |
| 9 (RLIN) | 16949 |
| الإسم الشخصى | السهروردى ، يحيى بن حبش |
| 700 ## - المدخل الاضافى - اسم شخصى | |
| 9 (RLIN) | 15857 |
| الإسم الشخصى | أمين, أحمد |
| الدور | تحقيق وتعليق |
| 942 ## - عناصر المدخل الإضافي( كوها) | |
| مصدر التصنيف او مخطط الترفيف | Dewey Decimal Classification |
| Koha [default] item type | Book - Borrowing |
| حالة التراجع | حالة الفقد | مصدر التصنيف او خطة الترفيف | حالة تلف | ليس للاعارة | مجموعات كوها | المكان الدائم | المكان الحالي | موقع الترفيف | تاريخ الاكتساب | Source of acquisition | رقم الاستدعاء | الباركود | Date last seen | مُعار | نوع الوعاء |
|---|---|---|---|---|---|---|---|---|---|---|---|---|---|---|---|
| Dewey Decimal Classification | Alef-Baa | Central Library | Central Library | Lower Floor | 02/08/2010 | 181.07 ح ي ب | 000021593 | 15/07/2025 | 27/09/2012 | Book - Borrowing |